| 000 | 00492nam a2200193Ia 4500 | ||
|---|---|---|---|
| 003 | GCL | ||
| 008 | 140319s9999 xx 000 0 eng d | ||
| 040 |
_aGCL / _cGCL |
||
| 082 | 0 | 4 |
_a901 _bTC |
| 100 | 1 | _aTOURAINE, ALAIN | |
| 245 | 1 | 0 |
_aCRITQUE OF MODERNITY / _cTOURAINE, ALAIN |
| 700 | 1 | _aMACEY,DAPID | |
| 260 |
_a[S.N] : _bBLACKWELL ، _c1995 |
||
| 300 | _a398 | ||
| 650 | 0 | 4 | _aPHILOSOPHY |
| 650 | 0 | 4 | _aHISTORICAL MODERN |
| 650 | 0 | 4 | _aCIVILIZATION, MODERN PHILOSOPHY |
| 942 |
_2ddc _cBK |
||
| 999 |
_c11543 _d11543 |
||